The new long life (Record no. 5195)

MARC details
000 -CABECERA
campo de control de longitud fija 02377nam a22002537a 4500
008 - DATOS DE LONGITUD FIJA--INFORMACIÓN GENERAL
campo de control de longitud fija 251120b |||||||| |||| 00| 0 eng d
020 ## - NÚMERO INTERNACIONAL ESTÁNDAR DEL LIBRO
Número Internacional Estándar del Libro 9781526615169
040 ## - FUENTE DE LA CATALOGACIÓN
Centro/agencia transcriptor TBS
041 ## - CÓDIGO DE LENGUA
Código de lengua del texto/banda sonora o título independiente eng
050 ## - SIGNATURA TOPOGRÁFICA DE LA BIBLIOTECA DEL CONGRESO
Número de clasificación HQ1061
Número de documento/Ítem A53 2020
100 ## - ENTRADA PRINCIPAL--NOMBRE DE PERSONA
Nombre de persona Scott, Andrew J.
Fechas asociadas al nombre 1965-
9 (RLIN) 26564
Término indicativo de función/relación author
245 ## - MENCIÓN DE TÍTULO
Título The new long life
Resto del título : a framework for flourishing in a changing world
Mención de responsabilidad, etc. / Andrew J. Scott, Lynda Gratton.
260 ## - PUBLICACIÓN, DISTRIBUCIÓN, ETC.
Lugar de publicación, distribución, etc. Dublin :
Nombre del editor, distribuidor, etc. Bloomsbury Publishing,
Fecha de publicación, distribución, etc. 2020.
300 ## - DESCRIPCIÓN FÍSICA
Extensión 243 pages :
Otras características físicas illustrations, charts (black and white) ;
Dimensiones 20 cm.
520 ## - SUMARIO, ETC.
Sumario, etc. A practical guide to how we can positively adapt to a changing world, from the internationally bestselling authors of The 100-Year Life. "Wonderful . . . This thought-provoking book is a must-read." Daron Acemoglu, New York Times bestselling co-author of Why Nations Fail Smart new technologies. Longer, healthier lives. Human progress has risen to great heights, but at the same time it has prompted anxiety about where we're heading. Are our jobs under threat? If we live to 100, will we ever really stop working? And how will this change the way we love, manage and learn from others? One thing is clear: advances in technology have not been matched by the necessary innovation to our social structures. In our era of unprecedented change, we haven't yet discovered new ways of living. Drawing from the fields of economics and psychology, Andrew J. Scott and Lynda Gratton offer a simple framework based on three fundamental principles (Narrate, Explore and Relate) to give you the tools to navigate the challenges ahead. Both a personal road-map and a primer for governments, corporations and colleges, The New Long Life is the essential guide to a longer, smarter, happier life. "This thoughtful book explores how we can reimagine our days and our societies to make our lives better – not just longer." Adam Grant, New York Times bestselling author of Originals and Give and Take "Stimulating, insightful and inspirational."' Linda Yueh, author of The Great Economists.
650 #0 - PUNTO DE ACCESO ADICIONAL DE MATERIA--TÉRMINO DE MATERIA
Término de materia o nombre geográfico como elemento de entrada Aging
Subdivisión general Social aspects
9 (RLIN) 26565
650 #0 - PUNTO DE ACCESO ADICIONAL DE MATERIA--TÉRMINO DE MATERIA
Término de materia o nombre geográfico como elemento de entrada Longevity
Subdivisión general Social aspects
9 (RLIN) 26566
650 #0 - PUNTO DE ACCESO ADICIONAL DE MATERIA--TÉRMINO DE MATERIA
Término de materia o nombre geográfico como elemento de entrada Retirement
Subdivisión general Planning
9 (RLIN) 26567
650 #0 - PUNTO DE ACCESO ADICIONAL DE MATERIA--TÉRMINO DE MATERIA
Término de materia o nombre geográfico como elemento de entrada Older people
Subdivisión general Economic conditions
9 (RLIN) 26568
650 #0 - PUNTO DE ACCESO ADICIONAL DE MATERIA--TÉRMINO DE MATERIA
Término de materia o nombre geográfico como elemento de entrada Older people
Subdivisión general Social conditions
9 (RLIN) 26569
655 #0 - TÉRMINO DE INDIZACIÓN--GÉNERO/FORMA
Datos o término principal de género/forma Self-help publications
9 (RLIN) 23836
700 ## - ENTRADA AGREGADA--NOMBRE PERSONAL
Nombre de persona Gratton, Lynda
9 (RLIN) 26570
Término indicativo de función/relación author
942 ## - ELEMENTOS DE ENTRADA AGREGADA (KOHA)
Fuente del sistema de clasificación o colocación Clasificación de Library of Congress
Holdings
Estado de retiro Estado de pérdida Fuente del sistema de clasificación o colocación Estado dañado No para préstamo Biblioteca de origen Biblioteca actual Fecha de adquisición Total de préstamos Signatura topográfica completa Código de barras Fecha visto por última vez Número de copia Precio válido a partir de Tipo de ítem Koha
    Clasificación de Library of Congress     TBS Barcelona TBS Barcelona 20/11/2025   HQ1061 SCO B05618 20/11/2025 1 20/11/2025 Book

Powered by Koha